2024 QS 世界大学综合排名 2024 QS World University Rankings - Statistics

General Stats
  • This quiz has been taken 283 times
  • The average score is 45 of 101
Answer Stats
排名 国家 院校 % Correct
2 USA 剑桥大学
97%
3 USA  牛津大学
95%
17 USA  北京大学
94%
25 USA  清华大学
94%
1 USA  麻省理工学院
91%
4 USA  哈佛大学
90%
50 USA  复旦大学
88%
26= USA USA  香港大学
87%
28= USA  东京大学
87%
51 USA  上海交通大学
86%
26 USA  南洋理工大学
80%
44 USA  浙江大学
80%
48= USA USA  香港中文大学
79%
8 USA  新加坡国立大学
79%
19= USA  悉尼大学
77%
6 USA  帝国理工学院
73%
5 USA  斯坦福大学
73%
41 USA  首尔国立大学
72%
14 USA  墨尔本大学
71%
10 USA  加州大学伯克利分校
71%
46 USA 京都大学
68%
38= USA  纽约大学
68%
60 USA USA  香港科技大学
68%
21 USA  多伦多大学
68%
91= USA  苏黎世大学
66%
16 USA  耶鲁大学
66%
9 USA  伦敦大学学院
65%
69 USA USA  台湾大学
64%
65 USA USA  香港理工大学
64%
85 USA  隆德大学
61%
70 USA USA  香港城市大学
59%
30 USA  加州大学洛杉矶分校
59%
17= USA  普林斯顿大学
57%
22 USA USA  爱丁堡大学
57%
93 USA  波士顿大学
56%
54 USA  路德维希 - 马克西米利安 - 慕尼黑大学
56%
11 USA  芝加哥大学
56%
23 USA  哥伦比亚大学
55%
7 USA  苏黎世联邦理工大学
52%
48 USA  西北大学
50%
32 USA  曼彻斯特大学
48%
12 USA  宾夕法尼亚大学
48%
15 USA  加州理工大学
46%
13 USA  康奈尔大学
44%
79 USA  高丽大学
44%
65= USA  马来亚大学
43%
76= USA  延世大学
43%
99 USA  普渡大学
42%
19 USA  新南威尔士大学
42%
45 USA  伦敦经济政治学院
41%
63 USA  华盛顿大学
41%
40 USA  伦敦国王学院
40%
80 USA  大阪大学
40%
57 USA  杜克大学
39%
87 USA  罗蒙诺索夫莫斯科国立大学
39%
53 USA  阿姆斯特丹大学
38%
34 USA  澳大利亚国立大学
36%
76 USA USA  格拉斯哥大学
35%
28 USA  约翰霍普金斯大学
33%
31 USA 麦吉尔大学
31%
34= USA  不列颠哥伦比亚大学
31%
37 USA  慕尼黑工业大学
30%
33 USA 密歇根大学
29%
68 USA  奥克兰大学
26%
43 USA  昆士兰大学
25%
73 USA  布朗大学
25%
89 USA  阿德莱德大学
25%
95 USA  布宜诺斯艾利斯大学
25%
62 USA  加州大学圣地亚哥分校
25%
42 USA  蒙纳士大学
24%
67 USA  华威大学
24%
84 USA  伯明翰大学
24%
36 USA  洛桑联邦理工学院
23%
73= USA  皇家理工学院
23%
72 USA  西澳大学
23%
64 USA  伊利诺伊大学香槟分校
23%
56 USA  韩国科学技术研究所
22%
100= USA  诺丁汉大学
22%
91 USA  东京工业大学
22%
81 USA  都柏林三一学院
22%
55 USA  布里斯托大学
22%
75 USA  利兹大学
22%
59 USA  索邦大学
21%
85= USA 圣保罗大学
21%
81= USA  南安普顿大学
21%
47 USA  代尔夫特理工大学
20%
52 USA  卡内基梅隆大学
19%
61 USA  鲁汶大学
19%
97 USA  乔治亚理工学院
18%
38 USA  巴黎理工学院
16%
58 USA  德克萨斯大学奥斯汀分校
15%
83 USA  宾夕法尼亚州立大学
14%
87= USA  鲁普莱希特-卡尔斯-海德堡大学
14%
78 USA  杜伦大学
13%
93= USA  墨西哥国立自治大学
13%
24 USA  巴黎科技艺术人文大学
11%
90 USA  悉尼科技大学
10%
98 USA  柏林自由大学
9%
71 USA  巴黎萨克雷大学
9%
100 USA  浦项科技大学
8%
95= USA  圣安德鲁斯大学
6%
No matching quizzes found
Score Distribution
Percent of People with Each Score
Percentile by Number Answered
Your Score History
You have not taken this quiz